000 00240nam a2200097Ia 4500
001 683543
005 20250826161440.0
008 250824s9999 xx 000 0 und d
245 0 _aKORKUNÇ SORULAR
_cNİCK ARNOLD
260 _bTİMAŞ YAYINLARI
999 _c683543
_d683543